000 00369nam a2200133 i 4500
001 bg
100 1 _aRUKALAK, Kazimierz
245 0 _aPozostające naprężenia spawalnicze w wybranych stanach granicznych nośności /
_cKazimierz Rukalak.
260 _aWrocław,
_c1981.
040 _cBPK
041 _apol
942 _cKS
008 s pl f |000 0 pol
999 _c20094
_d20094
856 _uhttp://koha.tu.koszalin.pl/cgi-bin/koha/opac-detail.pl?biblionumber=20094
_yKatalog online BPK